| 000 | 00547nam a22001937a 4500 | ||
|---|---|---|---|
| 001 | sjds | ||
| 003 | sjds | ||
| 005 | 20220726212614.0 | ||
| 008 | 220726b sp ||||| |||| 00| 0 spa d | ||
| 020 | _a9788426124043 | ||
| 020 | _a8426124046 | ||
| 040 | _csjds | ||
| 041 | _aspa | ||
| 100 | 1 | 0 | _aWilhelm, Hans |
| 245 |
_aYo siempre te querre / _cHans Wilhelm ; [traduccion de Carina Esteve Gomis]. |
||
| 260 |
_aBarcelona : _bEditorial Juventud, _c2002 |
||
| 300 |
_a1 volume (unpaged) : _bcolor illustrations ; _c18 x 23 cm |
||
| 942 |
_cBK _2ddc |
||
| 999 |
_c27260 _d27260 |
||